Obálka Náhled e-knihy:
Epub
Pro půjčování e-knih musíte být přihlášeni.
Jak si půjčit online?

Teorie vzájemného třesku /

Román z prostředí vědy odehrávající se na Masarykově univerzitě v Brně. Nikol je nadějná doktorandka, toho času v nesnázích. Nedaří se jí zkompletovat svůj výzkum a tak její vědecký kolega Alan zamíří z Anglie přímo do Brna.

Uloženo v:
Hlavní autor: Mlčoušková, Jarmila, 1980- (Autor)
Médium: E-kniha
Jazyk:Czech
Vydáno: Praha : Ikar, 2025
Vydání:Vydání první
Témata:
Tagy:
Žádné tagy
LEADER 02551nam a2200397 i 4500
001 297589
003 CZ PrSKC
005 20260416063139.0
007 ta
008 250424s2025 xr g 000 f cze
015 |a cnb003663579 
020 |a 9788024956930  |q (brožováno) 
035 |a (OCoLC)1527576972 
040 |a ABG001  |b cze  |e rda 
072 7 |a 821.162.3-3  |x Česká próza  |2 Konspekt 
080 |a 821.162.3-31  |2 MRF 
080 |a (0:82-31)-055.2  |2 MRF 
100 1 |a Mlčoušková, Jarmila,  |d 1980-  |7 xx0251781  |4 aut 
245 1 0 |a Teorie vzájemného třesku /  |c Jarmila Mlčoušková 
250 |a Vydání první 
264 1 |a Praha :  |b Ikar,  |c 2025 
300 |a 261 stran ;  |c 20 cm 
336 |a text  |b txt  |2 rdacontent 
337 |a bez média  |b n  |2 rdamedia 
338 |a svazek  |b nc  |2 rdacarrier 
520 2 |a Román z prostředí vědy odehrávající se na Masarykově univerzitě v Brně. Nikol je nadějná doktorandka, toho času v nesnázích. Nedaří se jí zkompletovat svůj výzkum a tak její vědecký kolega Alan zamíří z Anglie přímo do Brna.  |b Když třeskutou interakci umocní efekt britského přízvuku, i ta nejzapálenější vědkyně může ztratit hlavu pro svého rivala. Nikol je doktorandka v nesnázích. Její výzkumný projekt se zásluhou Alana Parkera řítí do slepé uličky. Zatímco ona si pevně stojí za výsledky svých experimentů, on odmítá připustit, že by udělal chybu ve svých výpočtech. Jejich vzájemná spolupráce hrozí přerůst v rivalitu a vědecký závod kdo s koho, a tak ten namyšlený Angličan přijíždí ověřit svou teorii osobně. Nikol rychle zjistí, že Parker není žádný uťápnutý nerd, který se nechá zastrašit jejím ostrým jazykem. Ona se zase ani náhodou nenechá okouzlit jeho britským přízvukem. Tak proč její nutkání vrazit mu pipetu do zad podezřele slábne? Nakladatelská anotace. 
655 7 |a české romány  |7 fd133974  |2 czenas 
655 7 |a romány pro ženy  |7 fd187897  |2 czenas 
655 9 |a Czech fiction  |2 eczenas 
655 9 |a women's novels  |2 eczenas 
900 |a ABA001  |b 19 
928 9 |a Euromedia Group - Ikar 
044 |a xr 
910 |a RBIT002 
998 |d 418055  |a https://core.palmknihy.cz/api/books/418055/cover?sttrdq  |b https://core.palmknihy.cz/api/books/418055/cover/400?sttrdq  |c https://core.palmknihy.cz/api/books/418055/cover/50?sttrdq  |e 2031-09-05  |g 264  |i 9788024956930  |j https://core.palmknihy.cz/api/books/418055/preview.epub  |l   |q 49  |r 1  |s https://www.palmknihy.cz/kniha/418055  |t ebook  |y 2025  |z 0 
999 |d 297587